<?xml version="1.0" encoding="UTF-8"?>
<record
    xmlns:xsi="http://www.w3.org/2001/XMLSchema-instance"
    xsi:schemaLocation="http://www.loc.gov/MARC21/slim http://www.loc.gov/standards/marcxml/schema/MARC21slim.xsd"
    xmlns="http://www.loc.gov/MARC21/slim">

  <leader>03758nam a2200277   4500</leader>
  <controlfield tag="003">DO-SdBJH</controlfield>
  <controlfield tag="005">20260609223020.0</controlfield>
  <controlfield tag="008">260526b2025    |||dja|| |||| 00| 0 spa d</controlfield>
  <datafield tag="040" ind1=" " ind2=" ">
    <subfield code="a">DO-SdBJH</subfield>
    <subfield code="b">spa</subfield>
    <subfield code="c">DO-SdBJH</subfield>
  </datafield>
  <datafield tag="041" ind1="0" ind2=" ">
    <subfield code="a">spa</subfield>
  </datafield>
  <datafield tag="090" ind1=" " ind2=" ">
    <subfield code="a">CT E-CEMFT 0011</subfield>
    <subfield code="b">EGEMERD 2025</subfield>
  </datafield>
  <datafield tag="100" ind1="1" ind2=" ">
    <subfield code="a">Samuel Pinales Pichardo</subfield>
    <subfield code="e">sustentante</subfield>
  </datafield>
  <datafield tag="245" ind1="1" ind2="0">
    <subfield code="a">Propuesta de un programa tecnologico para un sistema de gestion de logistica en la Acadenia Militar Batalla  de las :</subfield>
    <subfield code="b">Carreras del Ejercito de la Rep&#xFA;blica Dominicana, a&#xF1;o 2025 /</subfield>
    <subfield code="c">Samuel Pinales Pichardo, Noel Adramel Almonte Soto; asesor metodol&#xF3;gico Fanny Torres Rosario ; asesor de contenido S&#xF3;crates E. Aguasvivas Delgado</subfield>
  </datafield>
  <datafield tag="260" ind1=" " ind2=" ">
    <subfield code="a">Santo Domingo, Rep&#xFA;blica Dominicana :</subfield>
    <subfield code="b">UNADE,</subfield>
    <subfield code="c">2025.</subfield>
  </datafield>
  <datafield tag="300" ind1=" " ind2=" ">
    <subfield code="a">xvii, 61 p&#xE1;ginas :</subfield>
    <subfield code="b">Gr&#xE1;ficas, tablas.</subfield>
  </datafield>
  <datafield tag="502" ind1=" " ind2=" ">
    <subfield code="a">Tesis y trabajo de grado (Especialidad en Comando y Estado Mayor para las Fuerzas Terrestres) --Universidad Nacional para la Defensa "General Juan Pablo Duarte y D&#xED;ez", Escuela de Graduados de Estudios Militares del Ejercito de Rep&#xFA;blica Dominicana, Santo Domingo 2025.</subfield>
  </datafield>
  <datafield tag="504" ind1=" " ind2=" ">
    <subfield code="a">Incluye referencias bibliogr&#xE1;ficas, ap&#xE9;ndice y anexos.</subfield>
  </datafield>
  <datafield tag="505" ind1=" " ind2=" ">
    <subfield code="a">Evoluci&#xF3;n hist&#xF3;rica y generalidades de la log&#xED;stica militar con relaci&#xF3;n al desarrollo y uso de programas Tecnol&#xF3;gicos en la Academia Militar ERD -- Estado actual y necesidades del sistema de gesti&#xF3;n log&#xED;stica de la Academia Militar Batallas de las Carreras --Propuesta para el desarrollo de un programa tecnol&#xF3;gico para un sistema de Gesti&#xF3;n de Log&#xED;stica en la Academia Militar Batallas de las Carreras del Ejercito de Rep&#xFA;blica Dominicana.</subfield>
  </datafield>
  <datafield tag="520" ind1=" " ind2=" ">
    <subfield code="a">Este trabajo de investigaci&#xF3;n tiene como objetivo principal proponer un programa tecnol&#xF3;gico para un sistema de gesti&#xF3;n de log&#xED;stica en la Academia Militar Batalla d las Carreras del Ejercito de Rep&#xFA;blica Dominicana, con miras a su implementaci&#xF3;n en 2025. El objetivo es modernizar los procesos log&#xED;sticos utilizando tecnolog&#xED;a avanzada para mejorar el control y la gesti&#xF3;n de armas, propiedades recursos e inventarios. El m&#xE9;todo seleccionado emplea un enfoque  de m&#xE9;todos mixtos, integrando tanto el an&#xE1;lisis cualitativo como el cuantitativo. Hablamos con oficiales que sol&#xED;an ser Oficiales de Log&#xED;stica en la academia Militar, observamos los eventos en tiempo real y realizamos un an&#xE1;lisis FODA para averiguar como esta funcionando el el sistema log&#xED;stico en este momento. Adem&#xE1;s se analizaron los antecedentes hist&#xF3;ricos y se investigaron las mejores practicas de implementaci&#xF3;n de tecnolog&#xED;as similares e instituciones militares. Entre las evidencias principales se encontr&#xF3; una dependencia de Microsoft Word y Excel para llevar controles de inventarios, lo que restringe la automatizaci&#xF3;n, la eficacia y la trazabilidad. Tambi&#xE9;n se identifico falta de capacitaci&#xF3;n del personal hay algunos procesos manuales y un sistema desconectado de las dem&#xE1;s dependencias de log&#xED;stica del ejercito que impide la gesti&#xF3;n en tiempo real. Este trabajo concluye que la implementaci&#xF3;n de un sistema tecnol&#xF3;gico integrado y automatizado que fortalecer&#xE1; la gesti&#xF3;n log&#xED;stica, garantizara una mejor observaci&#xF3;n d los recursos y contribuir&#xE1; a la formaci&#xF3;n de oficiales mejor preparados, en linea  con las tendencias modernas de innovaci&#xF3;n en las Fuerzas Armadas.</subfield>
  </datafield>
  <datafield tag="650" ind1=" " ind2="7">
    <subfield code="2">lemb</subfield>
    <subfield code="a">Log&#xED;stica militar</subfield>
    <subfield code="v">Tesis y disertaciones acad&#xE9;micas</subfield>
    <subfield code="x">Innovaciones tecnol&#xF3;gicas</subfield>
    <subfield code="z">Rep&#xFA;blica Dominicana</subfield>
  </datafield>
  <datafield tag="650" ind1=" " ind2="7">
    <subfield code="2">lemb</subfield>
    <subfield code="a">Control de inventarios</subfield>
    <subfield code="v">Tesis y disertaciones acad&#xE9;micas</subfield>
    <subfield code="x">Sistemas de informaci&#xF3;n</subfield>
  </datafield>
  <datafield tag="700" ind1="1" ind2=" ">
    <subfield code="a">Almonte Soto, Noel Adramel</subfield>
    <subfield code="e">sustentante</subfield>
  </datafield>
  <datafield tag="700" ind1="1" ind2=" ">
    <subfield code="a">Torres Rosario, Fanny</subfield>
    <subfield code="e">asesor metodol&#xF3;gico</subfield>
  </datafield>
  <datafield tag="700" ind1="1" ind2=" ">
    <subfield code="a">Aguasvivas Delgado, S&#xF3;crates E.</subfield>
    <subfield code="e">asesor de contenido</subfield>
  </datafield>
  <datafield tag="942" ind1=" " ind2=" ">
    <subfield code="2">CL</subfield>
    <subfield code="c">T</subfield>
  </datafield>
  <datafield tag="999" ind1=" " ind2=" ">
    <subfield code="c">8680</subfield>
    <subfield code="d">8680</subfield>
  </datafield>
  <datafield tag="952" ind1=" " ind2=" ">
    <subfield code="0">0</subfield>
    <subfield code="1">0</subfield>
    <subfield code="2">CL</subfield>
    <subfield code="4">0</subfield>
    <subfield code="7">0</subfield>
    <subfield code="8">TG</subfield>
    <subfield code="a">BJHA</subfield>
    <subfield code="b">BJHA</subfield>
    <subfield code="c">GEN</subfield>
    <subfield code="d">2026-06-09</subfield>
    <subfield code="i">25-02575</subfield>
    <subfield code="l">0</subfield>
    <subfield code="o">CT E-CEMFT 0011 EGEMERD 2025</subfield>
    <subfield code="p">25-02575</subfield>
    <subfield code="r">2026-06-09 22:33:35</subfield>
    <subfield code="t">.1</subfield>
    <subfield code="w">2026-06-09</subfield>
    <subfield code="y">T</subfield>
  </datafield>
</record>
